Les Aventures de Tintin - Tintin et l’Alph-Art - Statistiques

Statistiques générales
  • Ce quiz a été pris 149 fois
  • Le résultat moyen est 9 sur 15
Statistiques - réponses
Question Réponse % Correct
Que découvre Tintin en fouillant la villa du mage ? Des contrefaçons de toiles de maîtres
96%
Comment se nomme le "mage" dont la Castafiore fait les éloges ? Endaddine Akass
88%
Quel nom porte la galerie dans laquelle le capitaine se réfugie pour échapper à la Castafiore ? Galerie Fourcart
81%
Parmi les affirmations suivantes, laquelle est FAUSSE ? Hergé fait mourir Tintin dans cette aventure
77%
Quel sort est réservé à Tintin, pour avoir fait cette découverte ? Il va être transformé en sculpture
77%
Comment débute cette aventure ? Par un cauchemar du capitaine
69%
Parmi ces bâtiments, lequel l'émir Ben Kalish Ezab n'a-t-il PAS tenté d'acheter ? Le Musée du Louvre
62%
Comment se nomme l'artiste, pape de l'Alph-Art, qui expose dans cette galerie ? Ramo Nash
58%
Quelle sculpture le capitaine Haddock achète-t-il ? Un H en plexiglas
58%
Quelle est l'année de première publication de cet album ? 1986
50%
Quel numéro porte la dernière planche dessinée par Hergé ? 42
50%
Quel est le prénom de l'hôtesse de la galerie d'art ? Martine
46%
Quel nom porte la conférence animée par ce mage ? Santé et Magnétisme
46%
Quel expert en œuvres d'art à disparu dans des circonstances étranges, au large d'Ajaccio ? Jacques Monastir
35%
Sur quelle île italienne nos héros partent-ils pour enquêter sur le mage ? Ischia
23%
Aucun quiz correspondant
Distribution des résultats
% des personnes avec chaque résultat
Percentile par nombre de réponses
Votre historique - résultats
Vous n’avez pas pris ce quiz